000 01669nam0a2200373 4500
001 RU\NLR\bibl\1369145
005 20260407201958.0
010 _a978-5-93809-015-60
_9200
021 _aRU
_b2009-17691
_91050
035 _a(NLR Aleph) 001361284
090 _a982855
_c982855
100 _a20090515d2008 |||y0rusy50 ca
101 0 _arus
102 _aRU
105 _ay |||||||||
200 1 _aАктуальные вопросы алтайского языкознания
_e[сборник научных статей]
_fМ-во образования, науки и молодеж. политики Респ. Алтай "НИИ алтаистики им. С.С. Суразакова"
_g[редкол.: к.ф.н. А.Н. Майзина (отв. ред.) и др.]
210 _aГорно-Алтайск
_cГорно-Алтайская типография
_d2008
215 _a113 с.
_d21
320 _aБиблиогр. в конце ст.
606 1 _aАлтайский язык
_jСборники
_9934091
_3RU\NLR\auth\6625904
606 1 _aЯзыковая ситуация
_yАлтайский край
_92554996
_3RU\NLR\auth\661511693
686 _aШ163.21я43
686 _aШ125(251.7)я43
702 1 _aМайзина
_bА. Н.
_gАржана Николаевна
_4340
712 0 2 _4570
_aНИИ алтаистики им. С. С. Суразакова
_cГорно-Алтайск
_3RU\NLR\AUTH\8810133195
_9762645
801 0 _aRU
_bNLR
_c20090515
_gRCR
801 1 _aRU
_bNLR
_c20090515
830 _aред. по ЭК
852 _aNLR
_bОНЛ
_jАлт./2-955
942 _cBOOK
980 _aNB
980 _aNBR